La verdad acerca del ferro-carril de Alduides prolongado desde Pamplona por Estella, Calahorra y Soria hasta Torralba en la linea de Madrid a Zaragoza ó sea la gran central directa entre Madrid y Francia / (Record no. 160908)
[ view plain ]
| 000 -LEADER | |
|---|---|
| campo de control de longitud fija | 00977nam a2200193 i 4500 |
| 001 - NÚMERO DE CONTROL | |
| campo de control | 160908 |
| 003 - IDENTIFICADOR DE NÚMERO DE CONTROL | |
| campo de control | ES-MaACL |
| 005 - FECHA Y HORA DE LA ÚLTIMA TRANSACCIÓN | |
| campo de control | 20230906212144.0 |
| 008 - DATOS DE LONGITUD FIJA--INFORMACIÓN GENERAL | |
| campo de control de longitud fija | 961202s1880 sp b |||| | spa d |
| 040 ## - FUENTE DE CATALOGACIÓN | |
| Centro catalogador/agencia de origen | EUS |
| Lengua de catalogación | spa |
| Centro/agencia transcriptor | EUS |
| 100 0# - ENTRADA PRINCIPAL--NOMBRE DE PERSONA | |
| Nombre de persona | Olave y Díez, Serafín. |
| 9 (RLIN) | 86672 |
| 245 13 - MENCIÓN DEL TÍTULO | |
| Título | La verdad acerca del ferro-carril de Alduides prolongado desde Pamplona por Estella, Calahorra y Soria hasta Torralba en la linea de Madrid a Zaragoza ó sea la gran central directa entre Madrid y Francia / |
| Mención de responsabilidad, etc. | estudio analítico por Don Serafin Olave y Diez. |
| 260 ## - PUBLICACIÓN, DISTRIBUCIÓN, ETC. | |
| Lugar de publicación, distribución, etc. | [S.l.] : |
| Nombre del editor, distribuidor, etc. | [s.n.], |
| Fecha de publicación, distribución, etc. | 1880 ( |
| Lugar de fabricación/manufactura | Madrid : |
| Fabricante | Imprenta de Alvarez Hermanos...) |
| 300 ## - DESCRIPCIÓN FÍSICA | |
| Extensión | 126 p., [1] h. de map. pleg. ; |
| Dimensiones | 22 cm. |
| 597 ## - NOTA DE DESCRIPCIÓN FÍSICA | |
| NOTA DE DESCRIPCIÓN FÍSICA | Antep. |
| 599 ## - NOTA A LAS ILUSTRACIONES | |
| NOTA A LAS ILUSTRACIONES | La h. de map. pleg. es litogr. |
| 650 #4 - PUNTO DE ACCESO ADICIONAL DE MATERIA--TÉRMINO DE MATERIA | |
| Término de materia o nombre geográfico como elemento de entrada | Ferrocarriles- |
| Subdivisión geográfica | Aldudes (Valle) |
| 9 (RLIN) | 170600 |
| 852 ## - LOCALIZACIÓN | |
| Ubicación | ES-MaACL |
| Número de control de estantería | T-421-F-4 |
| Nota libre | -- Enc. hol. |
| condición física | -- Sólo hasta la p. 104 |
| -- | -- Falto de la cub. original |
| Nota libre | -- Enc. en un vol. facticio |
| -- | -- Enc. 2 h. de map. pleg. rep. |
| Estatus retirado | Estado de pérdida | Estado de daño | No para préstamo | Colección | Biblioteca de origen | Biblioteca actual | Ubicación en estantería | Fecha de adquisición | Total de préstamos | Signatura topográfica completa | Código de barras | Visto por última vez | Precio de reemplazo | Tipo de ítem Koha |
|---|---|---|---|---|---|---|---|---|---|---|---|---|---|---|
| Colección de folletos | Biblioteca del Ateneo de Madrid | Biblioteca del Ateneo de Madrid | Depósito folletos | 17/01/2008 | T-421-F-4 | 1168509 | 23/02/2023 | 23/02/2023 | Folleto |
